[Event "Santos Paulista Absoluto"]
[Site "Santos"]
[Date "2010.08.22"]
[Round "7"]
[White "Da Silva, Bruno"]
[Black "Pereira, Amanda Marques"]
[Result "0-1"]
[WhiteElo "1781"]
[BlackElo "1986"]
[PlyCount "62"]
[EventDate "2010.08.19"]
[EventType "swiss"]
[EventRounds "7"]
[EventCountry "BRA"]
[SourceTitle "CBM 138 Extra"]
[Source "ChessBase"]
[SourceDate "2010.10.29"]
[SourceVersion "1"]
[SourceVersionDate "2010.10.29"]
[SourceQuality "1"]

1. e4 c5 2. Nf3 e6 3. d4 cxd4 4. Nxd4 a6 5. Nc3 Qc7 6. Bd3 Nc6 7. Nb3 Nf6 8. 0-0 d6 9. Be3 b5 10. a3 Bb7 11. f4 Be7 12. h3 0-0 13. g4 h6 14. h4 g6 15. f5 d5 16. Bf4 Qb6+ 17. Kh2 d4 18. Nb1 h5 19. gxh5 Nxh5 20. Qg4 Nxf4 21. Qxf4 Bf6 22. Kg1 Kh7 23. Qg4 Ne5 24. Qh3 gxf5 25. exf5 Rg8+ 26. Kf2 Rg2+ 27. Ke1 Nxd3+ 28. cxd3 Qc7 29. N1d2 Qe5+ 30. Kd1 Qe2+ 31. Kc1 Bd5 0-1

[Event "LUX-ch U18"]
[Site "Bonnevoie"]
[Date "2000.02.26"]
[Round "1"]
[White "Muhovic, Adnan"]
[Black "Da Silva, Bruno"]
[Result "0-1"]
[WhiteElo "1300"]
[BlackElo "1449"]
[PlyCount "42"]
[EventDate "2000.02.26"]
[EventType "swiss"]
[EventRounds "7"]
[EventCountry "LUX"]
[SourceTitle "EXT 2005"]
[Source "ChessBase"]
[SourceDate "2004.11.15"]
[SourceVersion "1"]
[SourceVersionDate "2004.11.15"]
[SourceQuality "1"]

1. e3 c6 2. Bd3 d5 3. Nc3 Nf6 4. Nf3 Bg4 5. 0-0 e6 6. Qe1 Bxf3 7. gxf3 Bd6 8. e4 dxe4 9. fxe4 Qc7 10. e5 Bxe5 11. Ne4 Bxh2+ 12. Kh1 Nbd7 13. Nxf6+ gxf6 14. f4 Bxf4 15. Rf2 Bg3 16. Kg2 Rg8 17. Qg1 Bxf2+ 18. Kf1 Rxg1+ 19. Kxf2 Qh2+ 20. Ke3 Re1+ 21. Kf3 Ne5# 0-1